ˆ[‰Лекции]. Лекция 1: Многоскоростные асинхронные моторы как привод рудничных установок (Запись № 13564370)

Подробности
000 -МАРКЕР
контрольное поле 01430nam2a2200229 4500
001 - ИДЕНТИФИКАТОР ЗАПИСИ
контрольное поле rc\2654788
005 - ИДЕНТИФИКАТОР ВЕРСИИ
контрольное поле 20260315043336.0
035 ## - ДРУГИЕ СИСТЕМНЫЕ НОМЕРА
Идентификатор записи (NLR Aleph) 006962103
100 ## - ДАННЫЕ ОБЩЕЙ ОБРАБОТКИ
Данные общей обработки 20110614d1931 u y0rusy50 ca
101 0# - ЯЗЫК РЕСУРСА
Язык текста, звукозаписи и т.д. русский
102 ## - СТРАНА ПУБЛИКАЦИИ ИЛИ ПРОИЗВОДСТВА
Страна публикации Российская Федерация
105 ## - ПОЛЕ КОДИРОВАННЫХ ДАННЫХ: ТЕКСТОВЫЕ МАТЕРИАЛЫ, МОНОГРАФИЧЕСКИЕ
Кодированные данные о монографическом текстовом документе y z |||||
200 1# - ЗАГЛАВИЕ И СВЕДЕНИЯ ОБ ОТВЕТСТВЕННОСТИ
Основное заглавие Многоскоростные асинхронные моторы как привод рудничных установок
Сведения, относящиеся к заглавию (Моторы с переключением полюсов)
210 ## - ПУБЛИКАЦИЯ, РАСПРОСТРАНЕНИЕ И ДР.
Дата издания, распространения и т.д. 1931
461 #0 - УРОВЕНЬ НАБОРА
Встроенное поле 001rc\2654787
-- 2001#$aˆ[‰Лекции]$eЛекции 1, 5-6$fТомск. радиоцентр. Раб. ун-т по радио. Курсы по повышению квалификации угольной промышленности$vЛекция 1
Системный номер (АБИС) связанной записи 5354730
Автор Курсы по повышению квалификации административно- и инженерно-технического персонала угольной промышленности (Томск)
Место публикации Томск
Дата публикации 1931
Первые сведения об ответственности Томск. радиоцентр. Раб. ун-т по радио. Курсы по повышению квалификации угольной промышленности
Имя издателя, распространителя и т.д. Б. и.
Сведения, относящиеся к заглавию Лекции 1, 5-6
Заглавие ˆ[‰Лекции]
Номер тома Лекция 1
700 #1 - ИМЯ ЛИЦА - ПЕРВИЧНАЯ ОТВЕТСТВЕННОСТЬ
Начальный элемент ввода Бредихин
Часть имени, кроме начального элемента ввода А.Н.
801 #0 - ИСТОЧНИК ЗАПИСИ
Страна Российская Федерация
Организация NLR
Правила каталогизации psbo
801 #1 - ИСТОЧНИК ЗАПИСИ
Страна Российская Федерация
Организация ELAR
Источник данных rusmarc
852 ## - МЕСТОНАХОЖДЕНИЕ И ШИФР ХРАНЕНИЯ
Идентификатор организации NLR
Шифр хранения (Call Number) 32-17/177
942 ## - ДОПОЛНИТЕЛЬНЫЕ ЭЛЕМЕНТЫ ЗАПИСИ (АБИС)
Тип экземпляра АБИС Неопределено
980 ## - КОЛЛЕКЦИЯ
Название коллекции Национальная библиография

Нет доступных экземпляров.